00893cam a2200253 a 450000100090000000300050000900500170001400800410003101000170007202000300008902000190011902000310013804000180016904200140018708200130020110000210021424500350023525000120027026000410028230000220032352002540034565000190059965000210061817204960322820221205101245.0120310s2013 nyu c 000 1 eng  a 2012004177 a9780375831980 qHardcover a9780375931987  a9780375832017 (trade pbk.) aDLCcDLCdDLC alcacapcc00aEJF SPIN1 aSpinelli, Jerry.10aHokey Pokey /cJerry Spinelli. a1st ed. aNew York :bAlfred A. Knopf,cc2013. a282 pagesc19 cm. aEver since they were Snotsippers, Jack and the girl have fought, until one day she steals his bike and as he and the Amigos try to recover it, Jack realizes that he is growing up and must eventually leave the "goodlands and badlands of Hokey Pokey." 1aPlayvFiction. 1aGrowthvFiction.